000 00541nam a2200145 i 4500
001 21244
003 ES-MaACL
007 t|
008 021122s1928 gw ||||1| spa d
100 1 _aAgramonte Cortijo, Francisco.
_918587
245 1 4 _aLos últimos años de Federico el Grande según los diplomáticos españoles, franceses y prusianos de su tiempo /
_cpor Francisco Agramonte Cortijo.
260 _aBerlín :
_b[s.n.],
_c1928 (
_eLeipzig :
_fSpamersche Buchdruckerei)
300 _a400 p., 24 lám ;
_c20 cm.
852 _aES-MaACL
_jB-3869
999 _c21244
_d21244